Name 4 U.S. States #3 - Statistics

General Stats
  • This quiz has been taken 17 times
  • The average score is 14 of 28
Answer Stats
Hint Answer % Correct
(2nd state alphabetically that begins with the letter W) West Virginia
88%
(3rd state alphabetically that begins with the letter W) Wisconsin
88%
(4th state alphabetically that begins with the letter W) Wyoming
88%
5. Name the four states that begin with the letter W. (Alphabetical) (1st alphabetically) Washington
82%
1. Name the only four states with at least 1 peak over 14,000 feet. (Ranking) (Tallest peak in the state is 20,310 feet) Alaska
76%
2. Name the four states that border Lake Erie. (Alphabetical) (1st alphabetically) Michigan
71%
(Tallest peak in in the state is 14,440 feet) Colorado
65%
3. Name the four states that contain at least one skyscraper of 1,100 feet or taller in height.(Ranking) (Tallest skyscraper in the state is 1,776 feet high) New York
65%
(3rd state alphabetically that borders Lake Erie) Ohio
65%
(Tallest skyscraper in the state is 1,450 feet high) Illinois
59%
(4th state alphabetically that borders Lake Erie) Pennsylvania
59%
(2nd state alphabetically that borders Lake Erie) New York
53%
(Tallest peak in in the state is 14,417 feet) Washington
53%
(Tallest peak in in the state is 14,505 feet) California
47%
4. Name the four states that have at least 8 professional sports franchises (MLB, NBA, NFL, NHL) (Alphabetical) (1st alphabetically) California
47%
(4th state alphabetically that has 8 or more professional sports franchises) Texas
47%
7.Name the four states that have at least 290,000 road miles or more according to the United States Department of Transportation. (Ranking) Most road miles at 683,533 miles) Texas
47%
(Tallest skyscraper in the state is 1,100 feet high) California
41%
(2nd most road miles at 396,540 miles) California
41%
(2nd slave state alphabetically that stayed in the Union) Kentucky
41%
(3rd state alphabetically that has 8 or more professional sports franchises) New York
41%
6. Name the only 4 slave states that stayed in the Union during the Civil War. (Alphabetical) (1st alphabetically) Delaware
35%
(2nd state alphabetically that has 8 or more professional sports franchises) Florida
35%
(3rd slave state alphabetically that stayed in the Union) Maryland
35%
(4th slave state alphabetically that stayed in the Union) Missouri
24%
(Tallest skyscraper in the state is 1,121 feet high) Pennsylvania
24%
(3rd most road miles at 306,658 miles) Illinois
12%
(4th most road miles at 290,618 miles) Minnesota
6%
No matching quizzes found
Score Distribution
Percent of People with Each Score
Percentile by Number Answered
Your Score History
You have not taken this quiz